MDQL
is popping MORE tags! Check the
thread
!
Quizzes
Events
Quiz Creation
Community
Videos
Private Events
Remove Ads
Sign In
Join for FREE
Feedback
Dark Mode
Quiz Categories
Sports
Geography
Music
Movies
Television
Just For Fun
Miscellaneous
History
Literature
Language
Science
Gaming
Entertainment
Religion
Holiday
For Kids
Quiz Lab
Recent
Popular Today
Quiz Kudos Today
Editor Picks
Curator Picks
Quizzes by...
Day
Popularity
Type
Ratings
Length
Year
Community
Subscriptions
Recent Discussions
Orange Saloon
Badges
Playlists
Quests
Create
Leaderboards
Showdown
Live 5
Trivia Bingo
Activity
Puzzle Library
Sporcle Events
Private Events
Virtual Trivia
Globe League
Become a Host
Pub Owners
SporcleCon
Opinionation
Our Games
Videos
Blog
Mobile Apps
Partnerships
Remove Ads and Go Orange
Feedback
Language
Vocabulary
Begins and Ends
Definition
Spanish
French
German
Italian
Chinese
Latin
Translation
Japanese
Language
Vocabulary
Begins and Ends
Definition
Spanish
French
German
Italian
Chinese
Latin
Translation
Japanese
Random Quiz
Search Sporcle
×
Quiz Lab
Quiz Lab
Language
Spanish
Type in answers that appear in a list
Type in answers that appear in a list
Classic
Best Score? Go Orange.
Spanish Fblitzzzzz Stats
Can you name the Spanish Fblitzzzzz?
By
hammyandbean
5m
40 Questions
17 Plays
17 Plays
17 Plays
Comments
Comments
Give Quiz Kudos
Give Quiz Kudos
-
- Ratings
hide this ad
More Info
Random Order
Randomize order of answers
Randomize order of answers
Replay
Link that replays current quiz
Next Quiz
Link to next quiz in quiz playlist
You Got
0%
They Got
Avg Score
59%
Avg Friend Score
Upgrade to see
Score Distribution
Jump to the score distribution portion of the page
Score
0/40
Timer
05:00
0
Plays Today
English
SpaNISH
% Correct
faith
fe
100%
future
futuro
100%
fire
fuego
88.2%
easy
facil
88.2%
cold
frio
88.2%
fertile
fertil
88.2%
ugly
feo
82.4%
fruit
fruta
82.4%
physical
fisico
82.4%
form(body)
forma
82.4%
photo
foto
82.4%
flower
flor
76.5%
strawberry
fresa
76.5%
strength
fuerza
76.5%
fresh/
chilly
fresco
76.5%
furious
furioso
76.5%
to lack
faltar
76.5%
skirt
falda
70.6%
outside
fuera
70.6%
float
flotar
70.6%
English
SpaNISH
% Correct
fluid
fluido
70.6%
fountain
fuente
64.7%
french
frances
58.8%
frequent
frecuente
58.8%
ghost
fantasma
47.1%
flute
flauta
47.1%
focus
foco
47.1%
fried
frito
47.1%
loyal
fiel
41.2%
bottom
fondo
35.3%
seal
foca
35.3%
to fry
freir
35.3%
arrow
flecha
29.4%
to break(on a car)
frenar
23.5%
rasberry
frambuesa
23.5%
error
fallo
17.6%
awful(atrocious)
fatal
17.6%
boring
fastidioso
11.8%
reliable
fiable
11.8%
to clean
fregar
11.8%
Quiz Playlist
Details
Report
Send in Message
Add To Playlist
More Info:
By Nene and Beyonce
Classic:
Type in answers that appear in a list
Random Order:
Randomize order of answers
Last Updated: Feb 16, 2017
Quiz Scoreboard
CHALLENGE
Sign Up to Join the Scoreboard
Show All
Scores
Hide
Comments
May contain spoilers
Recently Published
Find the 'City' Movie
by crazypaving
Movies
60s
5x2 Blitz: Bands
by SL_Kpop136
Music
30s
Colored Red Africa Blitz
by spor1
Geography
30s
More to Explore
Quiz From the Vault
Featured Blog Post
14 Easter Pick-up Lines to Find Eggs With
hide this ad
You Might Also Like...
Tags
Spanish Quiz
Today's Top Quizzes in Language
Browse Language
hide this ad
Today's Top Quizzes in Spanish
Browse Spanish
Top Contributed Quizzes in Language
1
What Word Starts All?
2
Arabic Numerals
3
1-10 Letter F Words III
4
1-10 Letter G Words III
5
1-10 Letter H Words III
6
1-10 Letter I Words III
7
Latihan Huruf Hiragana KA KI KU KE KO
8
Weisst du, aus welchen Sprachen diese Wörter stammen?
9
1-10 Letter J Words III
10
1-10 Letter K Words III
Explore More
Trending Topics
Marvel
Crossword
Anime
NBA
Disney
Kpop
Harry Potter
Country
The Office
WWE
NFL
Pokémon
Puzzle
Soccer
Song
hide this ad
More By:
hammyandbean
Quiz
Plays
Rating
Category
Featured
Created
Spanish Fblitzzzzz
17
Language
Dec 4, 2012
Go to Creator's Profile
Score Distribution
Quiz Creator Spotlight
hammyandbean
Follow
Send a Message
Quizzes Created
-
Created Quiz Play Count
-
More By This Creator
Popular Quizzes Today
1
Colored Red Africa Blitz
2
Find the 'City' Movie
3
Find the US States - No Outlines Minefield
4
5x2 Blitz: Bands
5
The Countries of the World
6
Find the US States
7
US States
8
Find the Countries of Europe - No Outlines Minefield
More Language Quizzes
Find the countries of Asia in Vietnamese
Curator's Pick
Trending Quizzes
Colored Red Europe Blitz I
Colored Red Europe Blitz II
Colored Red Africa Blitz II
Colored Red Europe Blitz III
Colored Red Africa Blitz III
Recently Updated
How Do You Spell That?
pecheneg
Godzilla Movies
pecheneg
Grab Bag: 4-10 Letters
pecheneg
2024 March Madness Bracket
pecheneg
Famous TV Couples
Peacemaker
Champions League XIs: Real Madrid
pecheneg
Largest US Cities 1790-2010
pecheneg
Rides in Walt Disney World
pecheneg
Most Oscar Losses (Acting)
pecheneg
Beyoncé Albums
pecheneg
Trending Topics
Kpop
Anime
NBA
Disney
Harry Potter
Crossword
Marvel
WWE
Country
Pokémon
Song
NFL
Puzzle
Soccer
The Office
Your Account Isn't Verified!
In order to create a playlist on Sporcle, you need to verify the email address you used during registration. Go to your
Sporcle Settings
to finish the process.
Report this User
Report this user for behavior that violates our
Community Guidelines
.
Details:
Send Report
Go to the Sporcle.com Mobile Site →
Comments